| 000 | 00350nam a2200133Ia 4500 | ||
|---|---|---|---|
| 008 | 240624s9999 xx 000 0 und d | ||
| 041 | _aeng | ||
| 082 | _a332.642309034 CLE | ||
| 100 | _aCLEWS HENRY | ||
| 245 | _aFIFTY YEARS IN WALL STREET | ||
| 260 |
_c2006 _aNew Jersey _bJohn Wiley and Sons |
||
| 300 | _axvii, : 358 : p. : cm. ; 22 | ||
| 365 |
_c _b28 |
||
| 999 |
_c7369 _d7369 |
||